000 00683nam a2200289Ia 4500
005 20260324133310.0
008 008 260324s9999 xx 000 0 eng d
020 _a9780429079740
037 _aEBOOK
040 _aCRL
040 _beng
040 _cCRL
041 _2eng
041 _aeng
084 _qCRL
100 _aJanice Reynolds
_91189715
245 0 _aGoing Wi-Fi
245 0 _bNetworks Untethered with 802.11 Wireless Technology
260 _bTaylor and Francis
260 _c2003
365 _a
365 _b385
856 _uhttp://www.taylorfrancis.com/books/9780429079740
942 _cEBOOK
999 _c1791472
_d1791472